000 00295nam a22001097a 4500
999 _c13442
_d13442
082 _a297.63
100 _aمفتی محمّد نعیم
245 _aادیان باطلہ اور صراط مستقیم
260 _aکراچی
_b بیت الاشاعت
_c2011
300 _a608 pages
942 _cBK